Normal view
MARC view
- Pathology M Phil. -Thesis.
Entry Topical Term
001 - CONTROL NUMBER
- control field: 30625
003 - CONTROL NUMBER IDENTIFIER
- control field: NUST
005 - DATE AND TIME OF LATEST TRANSACTION
- control field: 20200923101457.0
008 - FIXED-LENGTH DATA ELEMENTS
- fixed length control field: 200923|| aca||aabn | a|a d
040 ## - CATALOGING SOURCE
- Original cataloging agency: NUST
- Transcribing agency: NUST
150 ## - HEADING--TOPICAL TERM
- Topical term or geographic name entry element: Pathology M Phil. -Thesis.
670 ## - SOURCE DATA FOUND
- Source citation: Work cat.: (NUST): Kazmi, Saba 30607, RED CELL FOLATE, SERUM VITAMIN B12 AND FERRITIN LEVELS DURING PREGNANCY AND THEIR CORRELATION WITH RED CELL INDICES /, 2012.
